| 000 | 00350nam a22001337a 4500 | ||
|---|---|---|---|
| 005 | 20250901165816.0 | ||
| 008 | 250328b |||||||| |||| 00| 0 eng d | ||
| 020 | _a9789966254269 | ||
| 050 | _aPR 9408.9 .M34 2005 | ||
| 245 |
_aTower of Terror / _cMacharia Magu |
||
| 260 |
_aNairobi : _bSpearbooks , _cc2005. |
||
| 300 |
_a286 p.: _c18 cm. |
||
| 942 | _2lcc | ||
| 999 |
_c9500 _d9500 |
||